| 000 | 00617nam a22002297a 4500 | ||
|---|---|---|---|
| 005 | 20170124110121.0 | ||
| 010 | _aA-605714 | ||
| 020 |
_c00.00 _a0863113699 |
||
| 035 | _aA-605714 | ||
| 037 | _bCen Lib/Ret | ||
| 040 |
_aDPL _bEN |
||
| 082 |
_aN _bRAO |
||
| 100 |
_aRao, Mukunda _930582 |
||
| 245 |
_aThe Mahatama : _cby Mukunda Rao _ba novel / |
||
| 260 |
_bOrient Longman _c1992 _aMadaras |
||
| 270 |
_bMadaras _a160, anna salai _e600004 |
||
| 300 |
_a169p. _c21cm(Hb) |
||
| 500 | _aIncludes glossary | ||
| 650 |
_aStatesmen--Biography _930583 |
||
| 650 |
_aStatesmen _98466 |
||
| 942 |
_2ddc _cEN _hN _mRAO |
||
| 999 |
_c131014 _d131014 |
||